[Event "Six Seasons GM"]
[Site "Dhaka BAN"]
[Date "2010.03.22"]
[Round "9"]
[White "Barua,D"]
[Black "Roy Chowdhury,S"]
[Result "1/2-1/2"]
[WhiteElo "2479"]
[BlackElo "2429"]
[EventDate "2010.03.16"]

1. e4 c5 2. Nf3 Nc6 3. d4 cxd4 4. Nxd4 e5 5. Nb5 d6 6. c4 Be7 7. N1c3 a6 8.
Na3 f5 9. exf5 Bxf5 10. Bd3 Be6 11. Nc2 Nf6 12. Ne3 O-O 13. O-O Qd7 1/2-1/2

[Event "Six Seasons GM"]
[Site "Dhaka BAN"]
[Date "2010.03.22"]
[Round "9"]
[White "Praveen Kumar,C1"]
[Black "Grover,S"]
[Result "0-1"]
[WhiteElo "2405"]
[BlackElo "2434"]
[EventDate "2010.03.16"]

1. d4 Nf6 2. c4 e6 3. Nc3 Bb4 4. e3 Bxc3+ 5. bxc3 c5 6. Ne2 d6 7. Ng3 Nc6
8. Bd3 O-O 9. O-O e5 10. d5 Ne7 11. Qc2 Ng6 12. f3 Bd7 13. Bd2 Qa5 14. Rab1
Rab8 15. Rb2 Qa6 16. Rfb1 Ne7 17. Be1 h6 18. Bf2 Ne8 19. f4 exf4 20. exf4
Nf6 21. h3 Ng6 22. Qc1 Rfe8 23. Re2 Rxe2 24. Bxe2 Re8 25. Qd2 b6 26. Re1
Qa4 27. Bd3 Rxe1+ 28. Bxe1 Bc8 29. Kh2 Ba6 30. Nf5 Bxc4 31. Nxd6 Bxd3 32.
Qxd3 Nxf4 33. Qg3 N4xd5 34. c4 Nc7 35. Bc3 Nfe8 36. Nf5 Ne6 37. Nxh6+ Kf8
38. Nf5 Qxc4 39. Be5 Qe4 40. Bd6+ Nxd6 41. Qxd6+ Kg8 42. Qb8+ Kh7 43. Ng3
Qd5 0-1